[Event "Roquetas de Mar op 33rd"]
[Site "Roquetas de Mar"]
[Date "2022.01.05"]
[Round "3"]
[White "Gonzalez Perez, Arian"]
[Black "Winkel, Peter"]
[Result "1/2-1/2"]
[WhiteElo "2450"]
[BlackElo "2272"]
[PlyCount "92"]
[EventDate "2022.01.04"]
[EventType "swiss"]
[EventRounds "9"]
[EventCountry "ESP"]
[SourceTitle "EXT 2023"]
[Source "ChessBase"]
[SourceDate "2022.10.05"]
[SourceVersion "1"]
[SourceVersionDate "2022.10.05"]
[SourceQuality "1"]

1. d4 d5 2. c4 c6 3. Nc3 Nf6 4. cxd5 cxd5 5. Bf4 Nc6 6. e3 Bf5 7. Nf3 e6 8. Be2 Bd6 9. Ne5 Bxe5 10. Bxe5 Nxe5 11. dxe5 Nd7 12. Qd4 0-0 13. 0-0 a6 14. f4 Bg6 15. Rad1 Qb6 16. g4 Qxd4 17. exd4 f6 18. f5 Bf7 19. exf6 Nxf6 20. g5 Nd7 21. Bg4 exf5 22. Rxf5 Be6 23. Rxf8+ Nxf8 24. Bf3 Rd8 25. Na4 Kf7 26. Rc1 Kg6 27. h4 Bf5 28. Nc3 Be6 29. Ne2 h6 30. gxh6 Kxh6 31. Rc7 Ng6 32. Rxb7 Nxh4 33. Bh1 Rd6 34. a4 Bg4 35. Nc3 Bf3 36. a5 Rg6+ 37. Kh2 Bxh1 38. Kxh1 Nf3 39. Rb6 Rxb6 40. axb6 Nxd4 41. Nxd5 Nc6 42. Kg2 Kg5 43. b7 Nb8 44. b4 Kf5 45. Nc7 Ke5 46. b5 axb5 1/2-1/2